000 00349pab a2200157 454500
008 180718b1999 xxu||||| |||| 00| 0 eng d
100 _aThakur, Superna
245 _aEqual rights for the girl child
260 _c1999
300 _ap.34-35
362 _aMar
650 _aGirls - India
650 _aGirls
773 _aYojana
909 _a40155
999 _c40155
_d40155